000 00482nam a2200145 i 4500
001 182886
003 ES-MaACL
005 20230906221736.0
008 131125s1863 fr |||| | fre d
245 0 2 _aL'empereur Napoléon III et le Congrès.
260 _aParis :
_bE.Dentu,
_c1863.
300 _a31 p. ;
_c23 cm.
600 0 4 _aNapoleón
_bIII
_cEmperador de Francia.
_984912
852 _aES-MaACL
_jT-77-F-15
_z- Enc. hol., falto de la cub. original
_z-- Enc. en un vol. facticio
999 _c182886
_d182886